El club Dumas / (Registro nro. 11112)

Detalles MARC
000 -LEADER
fixed length control field 00910cam a2200337 i 4500
001 - CONTROL NUMBER
control field 0000591
003 - CONTROL NUMBER IDENTIFIER
control field DO-SdBNP
005 - DATE AND TIME OF LATEST TRANSACTION
control field 20180403130452.0
007 - PHYSICAL DESCRIPTION FIXED FIELD--GENERAL INFORMATION
fixed length control field 0000591
008 - FIXED-LENGTH DATA ELEMENTS--GENERAL INFORMATION
fixed length control field 100514s 2007 sp 000 f spa
015 ## - NATIONAL BIBLIOGRAPHY NUMBER
National bibliography number
017 ## - COPYRIGHT OR LEGAL DEPOSIT NUMBER
Copyright or legal deposit number
Assigning agency
020 ## - INTERNATIONAL STANDARD BOOK NUMBER
International Standard Book Number 9788466320702
035 ## - SYSTEM CONTROL NUMBER
System control number
040 ## - CATALOGING SOURCE
Original cataloging agency BPMSU
Language of cataloging spa
Transcribing agency BPMSU
Description conventions
080 ## - UNIVERSAL DECIMAL CLASSIFICATION NUMBER
Universal Decimal Classification number
082 #4 - DEWEY DECIMAL CLASSIFICATION NUMBER
Classification number 863.6
Item number P438c
100 1# - MAIN ENTRY--PERSONAL NAME
Personal name Pérez Reverte, Arturo,
Dates associated with a name 1951-
245 13 - TITLE STATEMENT
Title El club Dumas /
Statement of responsibility, etc. Arturo Pérez Reverte.
260 ## - PUBLICATION, DISTRIBUTION, ETC. (IMPRINT)
Place of publication, distribution, etc. Madrid:
Name of publisher, distributor, etc. Santillana ediciones generales,
Date of publication, distribution, etc. 2007.
300 ## - PHYSICAL DESCRIPTION
Extent 444 p. :
Dimensions 19 cm
490 1# - SERIES STATEMENT
Series statement Punto de lectura
Volume/sequential designation 1 / 3
500 ## - GENERAL NOTE
General note Incluye datos biográficos del autor.
650 #4 - SUBJECT ADDED ENTRY--TOPICAL TERM
Topical term or geographic name as entry element NOVELA ESPAÑOLA
650 #4 - SUBJECT ADDED ENTRY--TOPICAL TERM
Topical term or geographic name as entry element LITERATURA ESPAÑOLA
830 #0 - SERIES ADDED ENTRY--UNIFORM TITLE
Uniform title Punto de lectura
Number of part/section of a work 1 / 3
910 ## - USER-OPTION DATA (OCLC)
User-option data VMATEO
942 ## - ADDED ENTRY ELEMENTS (KOHA)
Source of classification or shelving scheme Dewey Decimal Classification
Koha item type Libros
945 ## - LOCAL PROCESSING INFORMATION (OCLC)
a Inventariado extranjero / 2017 VM
956 ## - LOCAL ELECTRONIC LOCATION AND ACCESS (OCLC)
Host name YLOCKWARD
Access number 10
Compression information 20171211
Processor of request BPMSU
Existencias
Withdrawn status Lost status Source of classification or shelving scheme Damaged status Not for loan Collection code Home library Current library Date acquired Source of acquisition Total Checkouts Full call number Barcode Date last seen Price effective from Koha item type Copy number
    Dewey Decimal Classification     Colección General Biblioteca Pública Metropolitana Salomé Ureña Biblioteca Pública Metropolitana Salomé Ureña 08/08/2016 ALFAGUARA   863.6 P438c BPMSU16080075 08/08/2016 08/08/2016 Libros  
    Dewey Decimal Classification     Colección General Biblioteca Pública Metropolitana Salomé Ureña Biblioteca Pública Metropolitana Salomé Ureña 08/08/2016 ALFAGUARA   863.6 P438c BPMSU16080076 08/08/2016 08/08/2016 Libros e. 2
    Dewey Decimal Classification     Colección General Biblioteca Pública Metropolitana Salomé Ureña Biblioteca Pública Metropolitana Salomé Ureña 08/08/2016 ALFAGUARA   863.6 P438c BPMSU16080077 08/08/2016 08/08/2016 Libros e. 3